| 000 | 00852cam a2200229 4500 | ||
|---|---|---|---|
| 001 | ABS63922 | ||
| 008 | 000000n2001 000 0 eng u | ||
| 035 | _a(Sirsi) u112342 | ||
| 100 | _aCannon, J. | ||
| 245 | 4 | _aThe end of the roads | |
| 260 | _c2001 | ||
| 490 |
_aBuilding _v266(8181) 20 April 2001, 74-75(2) |
||
| 520 | _aDetails European transport policy and its plan for the next decade. Explains that a network of high speed railways is being built and that freight transport is becoming more efficient, but there are dangers that Europe could slip into gridlock with goods taking longer to reach their destination. | ||
| 590 | _aABS | ||
| 650 | _aEUROPEAN UNION | ||
| 650 | _aTRANSPORT POLICY | ||
| 650 | _aMOTORWAYS | ||
| 650 | _aRAIL LINK | ||
| 650 | _aFREIGHT TRANSPORT | ||
| 690 | _aTRANSPORT AND COMMUNICATIONS | ||
| 942 | _n0 | ||
| 999 |
_c66872 _d66872 |
||